000 00786cam a22002653a 4500
001 1867
003 PGUSA
005 20140828083007.0
008 990801s1999||||xxu|||||s|||||000 1 eng d
040 _aPGUSA
_beng
042 _adc
050 4 _aPS
050 4 _aPZ
100 1 _aWiggin, Kate Douglas Smith,
_d1856-1923
245 1 4 _aThe Diary of a Goose Girl
_h[electronic resource] /
_cKate Douglas Smith Wiggin
260 _bProject Gutenberg,
_c1999
506 _aPublic domain in the USA.
516 _aElectronic text
653 _aGeese -- Juvenile fiction
653 _aEngland -- Juvenile fiction
700 1 _aShepperson, Claude A.
_q(Claude Allin),
_d1867-1921
830 0 _aProject Gutenberg
_v1867
856 4 0 _uhttp://www.gutenberg.org/ebooks/1867
942 _cEB
999 _c231210
_d231210